000 02634nam a22003857i 4500
001 B-12209
003 CO-BoFNCP
007 t||
008 090820s2009 ck r spa d
040 _aCO-BoFNCP
_bspa
_cCO-BoFNCP
_erda
041 _aspa
043 _ack
084 _aA-
100 1 _aVélez, Diana C.
_941333,
_eautor.
_4aut
245 1 0 _aComportamiento de cuatro materiales de palma de aceite frente a la pudrición del cogollo (PC), en Tumaco - Nariño.
264 1 _aPalmira :
_bAscolfi,
_c2009.
300 _apáginas 51-55 :
_bTablas, gráficos, fotografías.
336 _atexto
_btxt
_2rdacontent
337 _asin mediación
_bn
_2rdamedia
338 _avolumen
_bnc
_2rdacarrier
504 _aIncluye referencias bibliográficas.
520 _aSe evaluaron cuatro materiales de palma de aceite por su comportamiento frente a la pudrición del cogollo en Tumaco, Nariño, zona palmera Colombiana en la cual la enfermedad se ha presentado con características epidémicas en los últimos cuatro años, ocasionando serios problemas económicos y sociales. La evaluación incluyo materiales Elaeis guineensis y del híbrido E. oleífera por E. guineensis. En los materiales E. guineensis la enfermedad se comenzó a presentar más rápidamente y con mayor severidad que en los híbridos OxG (Coari x La Mé). La mayor susceptibilidad se expresó, finalizadas las observaciones durante el primer período después de la siembra, en que las incidencias en E. guineensis fueron superiores al 77,5%, comparados con solo 12,5% de casos en los híbridos O x G. Además de los distintos valores en incidencia, fue muy notoria la diferencia en la severidad de la enfermedad entre los diferentes materiales evaluados. En el segundo período, con la implementación del manejo recomendado por Cenipalma, la velocidad de avance de la enfermedad se redujo en los materiales evaluados, excepto en Deli x Ghana. Los resultados del estudio generan la posibilidad de que, con el uso de materiales más tolerantes a la enfermedad y las prácticas de manejo, se pueda continuar con la producción de palma de aceite en Colombia.
650 0 _aPudrición del cogollo
_930852.
650 0 _aPalma de aceite
_937678.
700 1 _aAya, Héctor A.
_941328.
700 1 _aMartínez L., Gerardo
_933358.
700 1 _aNoreña, Cristián
_944277.
700 1 _aSarria, Greicy A.
_941330.
700 1 _aTorres, Gabriel A.
_941331.
700 1 _aVarón, Francia
_941332.
773 0 _aFitopatología Colombiana
_gv. 32, no. 2 (Febrero 2009), p.51-55
_wA-
_x0120-0143
942 _2z
_c1
999 _c26557
_d26557
999 _z1